Districts of Adana (Adana'nın ilçeleri). - Statistics

General Stats
  • This quiz has been taken 242 times
  • The average score is 11 of 15
Answer Stats
Population (Nüfus) District (İlçe) % Correct
158.922 Ceyhan
96%
795.012 Seyhan
96%
389.175 Çukurova
87%
132.703 Kozan
85%
17.654 Yumurtalık
83%
404.726 Yüreğir
80%
19.852 Pozantı
76%
23.499 Karataş
74%
13.621 Saimbeyli
74%
16.400 Tufanbeyli
74%
27.037 İmamoğlu
70%
15.833 Feke
66%
221.733 Sarıçam
64%
22.042 Karaisalı
63%
15.897 Aladağ
61%
No matching quizzes found
Score Distribution
Percent of People with Each Score
Percentile by Number Answered
Your Score History
You have not taken this quiz